Zborník skladieb pre veľké dychové hudby

Další autoři: Príbela, Gejza, 1929-, Křížek, Mirek, Chromec, Jan, 1905-1989
Jazyk: Nelze použít, není lingvistický obsah
Vydáno: Bratislava : Osvetový ústav, 1976
Fyzický popis: 1 paritura (20, 36, 24 s.)
Hudebniny Hudebniny
Uloženo v:
LEADER 01010ncm a22002412a 4500
001 001209243
003 CZ BrMZK
005 20120430100711.0
007 qu
008 120430s1976 xo |||||||||||||||||zxx d
040 |a BOA001  |b cze 
072 7 |a 788  |x Hudba pro dechové nástroje  |2 Konspekt  |9 9 
245 0 0 |a Zborník skladieb pre veľké dychové hudby  |h [hudebnina] /  |c zost. Gejza Príbela 
260 |a Bratislava :  |b Osvetový ústav,  |c 1976 
300 |a 1 paritura (20, 36, 24 s.) 
505 0 0 |t Drobná ďatelinka (tanec na ľudovú pieseň) /  |r M. Křížek --  |t Predohra (na ľudovú notu Tri dni ma naháňali) /  |r G. Príbela --  |t Na přátelství (koncertná skladba) /  |r J. Chromec 
700 1 |a Príbela, Gejza,  |d 1929-  |7 mzk2011620202  |4 cmp  |4 com 
700 1 |a Křížek, Mirek  |4 cmp 
700 1 |a Chromec, Jan,  |d 1905-1989  |7 ola200204407  |4 cmp 
910 |a BOA001  |b Mus4-0770.713 
990 |a MU 
991 |b 201204 
996 6 |b 2619080438  |c Mus4-0770.713  |l MZK  |r Sklad / do 1 hodiny  |n 1  |w 001242928  |u 000010  |a 1  |e BOA001  |j MZK50  |s P